000 00402nam a2200169Ia 4500
003 LK-CoDNM
005 20240807152231.0
008 010623t1836 xxu||||| |||| 00| 1 fra d
040 _aLK-CoDNM
_dLK-CoDNM
_eLK-CoDNM
041 _afra
080 _a16
_bU12
100 _aRitter,Carl.
245 _aDie Erdkunde Von Asien
260 _bBerlin
_c1836
300 _bxiv, 1248p. ; 21 cm
942 _cBK
999 _c81131
_d81131